| 000 | 00820nam a22002777a 4500 | ||
|---|---|---|---|
| 001 | BR6002624 | ||
| 003 | BR-BrBNA | ||
| 005 | 20230928095556.0 | ||
| 007 | ta | ||
| 008 | 230509b bl.||||| |||| 00| 0 por d | ||
| 040 |
_aBR-BrBNA _bpor _cBiblioteca Nacional de Agricultura |
||
| 041 | _a(Por) | ||
| 072 | _aC20 | ||
| 090 | _ C20 BR6002624 | ||
| 110 | 1 |
_aUniversidade Federal de Vicosa, MG (Brasil). Escola Superior de Agricultura _910996 |
|
| 245 | 1 | _aInformacoes sobre o departamento de Economia Rural e seus programas de pos-graduacao | |
| 260 | 3 |
_aVicosa, MG (Brasil): _c1972. |
|
| 300 | _a50 p. | ||
| 650 | _aExtensao Rural | ||
| 650 | _aEducacao | ||
| 650 | _aEnsino Superior | ||
| 650 | _aEconomia Agricola | ||
| 650 | _aInstituicao Agricola | ||
| 909 |
_a202309 _bLucia _c55 _dLucia Elande |
||
| 942 | _cBK | ||
| 999 |
_c57382 _d57382 |
||